Chinese Provinces by Picture - Statistics

General Stats
  • This quiz has been taken 23 times
  • The average score is 18 of 32
Answer Stats
Picture Answer % Correct
Tibet
100%
Beijing
95%
Hong Kong
95%
Shaanxi
95%
Shanghai
95%
Heilongjiang
89%
Sichuan
89%
Hainan
84%
Inner Mongolia
74%
Ningxia
68%
Qinghai
68%
Macau
63%
Gansu
58%
Hunan
58%
Yunnan
58%
Xinjiang
53%
Fujian
47%
Guangdong
47%
Hubei
47%
Henan
42%
Jilin
42%
Anhui
37%
Tianjin
37%
Zhejiang
37%
Chongqing
32%
Guizhou
32%
Liaoning
32%
Shandong
32%
Guangxi
26%
Jiangsu
26%
Shanxi
26%
Jiangxi
21%
No matching quizzes found
Score Distribution
Percent of People with Each Score
Percentile by Number Answered
Your Score History
You have not taken this quiz